| 000 | 00785nam a2200241 a 4500 | ||
|---|---|---|---|
| 001 | 57732 | ||
| 003 | BD-RjUL | ||
| 005 | 20211209080539.0 | ||
| 008 | 1612 s19661963enka b 001 0 eng d | ||
| 035 | _a(BD-RjUL)57856 | ||
| 040 |
_aBD-RjUL _beng _dBD-RjUL _cBD-RjUL |
||
| 041 | _aeng | ||
| 082 |
_223 _a301.973 _bHEC 1966 |
||
| 100 | 1 | 0 |
_aHenry, Jules, _d1904-1969. _9171453 |
| 245 | 1 | 0 |
_aCulture against man / _cJules Henry. |
| 260 |
_aLondon : _bTavistock Publications, _cc1966 |
||
| 300 |
_axiv, 495 p. : _bill. ; _c23 cm. |
||
| 504 | _aIncludes bibliographical footnotes and index. | ||
| 650 | 0 |
_aNational characteristics, American. _9171454 |
|
| 651 | 0 |
_aUnited States _xSocial conditions _y1945- _9171455 |
|
| 651 | 0 |
_aUnited States _xCivilization _y1945- _9171456 |
|
| 942 |
_2ddc _cBK |
||
| 999 |
_c57732 _d57732 |
||